000 00780cab a2200265 4500
001 ABS55045
008 090401t1996 xxu||||| |||| 00| 0 eng d
035 _a(Sirsi) u13784
041 _aeng
100 _aEdwards, M.
245 _aApplications for judicial review
260 _c1996
350 _a0
490 _aEstates Gazette
_v(9616) 20 April 1996, 112-113(2)
520 _aConsiders in what instances a local authority can object to developments, with reference to case law.
650 _aCARNWORTH REPORT
650 _aCHANGE OF USE
650 _aGENERAL DEVELOPMENT ORDER 1988
650 _aLOCAL AUTHORITIES
650 _aOUTLINE PLANNING PERMISSION
690 _aPLANNING LAW AND PRACTICE
700 _aMartin, J.
942 _n0
948 _c04/03/1997
999 _c8884
_d8884